| 000 | 00616nam a2200181 a 4500 | ||
|---|---|---|---|
| 001 | 000036747 | ||
| 005 | 20200930075919.0 | ||
| 008 | 120127s1977 sp abc 000 0 spa d | ||
| 020 | _a8474040671 | ||
| 040 |
_aDO-SdBNP _bspa _cBNHPU |
||
| 082 |
_axxxx _bD449 |
||
| 245 | 0 | 0 |
_aDescubre la ciencia / _ctraductor Julio Lapuente. |
| 260 |
_aMadrid, : _bEdival, _c1977. |
||
| 300 |
_av. : _bil. retrs. map. ; _c26 cm. |
||
| 534 | _aChildrens picture encyclopedia | ||
| 505 | 2 | 0 |
_gv. 1 _tnuestro mundo _gv. 2 _tla ciencia _gv. 3 _tlos animales _gv. 4 _tlas cosas |
| 590 | _aPertenece a la coleccción Juan Isidro Jiménes Grullón | ||
| 999 |
_c36238 _d36238 |
||